Hyperlink network analysis of a multi destination region: the case of Halland, South Sweden; Information Technology & Tourism; Vol. 20, iss. 1-4
| Источник: | Information Technology & Tourism Vol. 20, iss. 1-4.— 2018.— [P. 181-188] |
|---|---|
| Главный автор: | |
| Автор-организация: | |
| Другие авторы: | , |
| Примечания: | Title screen Over the past years, attention has been given to the relevance of network studies as an analytical tool to assess essential features of a tourism destination. This work analyzes the network of Halland County, a tourism destination in South Sweden. The study aims at enhancing the body of knowledge and the comprehension of the structural characterization of the tourism network, deriving indications for policy makers and local stakeholders in order to improve the effectiveness and efficiency of the regional tourism system. Tourism stakeholders’ websites were explored using hyperlink network analysis (Baggio in Phys A 379(2):727–734, 2007; Raisi et al. in J Travel Res https://doi.org/10.1177/0047287517708256, 2017). Findings highlight the need for strengthened industry ties and contribute to the industry-wide discussion on exploring network topology as a key source of knowledge for destination management and development, respectively. |
| Язык: | английский |
| Опубликовано: |
2018
|
| Предметы: | |
| Online-ссылка: | https://doi.org/10.1007/s40558-018-0108-9 |
| Формат: | Электронный ресурс Статья |
| Запись в KOHA: | https://koha.lib.tpu.ru/cgi-bin/koha/opac-detail.pl?biblionumber=659704 |
MARC
| LEADER | 00000naa0a2200000 4500 | ||
|---|---|---|---|
| 001 | 659704 | ||
| 005 | 20250326152954.0 | ||
| 035 | |a (RuTPU)RU\TPU\network\28435 | ||
| 090 | |a 659704 | ||
| 100 | |a 20190321d2018 k||y0rusy50 ba | ||
| 101 | 0 | |a eng | |
| 102 | |a US | ||
| 135 | |a drnn ---uucaa | ||
| 181 | 0 | |a i | |
| 182 | 0 | |a b | |
| 200 | 1 | |a Hyperlink network analysis of a multi destination region: the case of Halland, South Sweden |f F. Z. Eber, R. Baggio, M. Fuchs | |
| 203 | |a Text |c electronic | ||
| 300 | |a Title screen | ||
| 320 | |a [References: p. 188 (27 tit.)] | ||
| 330 | |a Over the past years, attention has been given to the relevance of network studies as an analytical tool to assess essential features of a tourism destination. This work analyzes the network of Halland County, a tourism destination in South Sweden. The study aims at enhancing the body of knowledge and the comprehension of the structural characterization of the tourism network, deriving indications for policy makers and local stakeholders in order to improve the effectiveness and efficiency of the regional tourism system. Tourism stakeholders’ websites were explored using hyperlink network analysis (Baggio in Phys A 379(2):727–734, 2007; Raisi et al. in J Travel Res https://doi.org/10.1177/0047287517708256, 2017). Findings highlight the need for strengthened industry ties and contribute to the industry-wide discussion on exploring network topology as a key source of knowledge for destination management and development, respectively. | ||
| 461 | |t Information Technology & Tourism | ||
| 463 | |t Vol. 20, iss. 1-4 |v [P. 181-188] |d 2018 | ||
| 610 | 1 | |a электронный ресурс | |
| 610 | 1 | |a труды учёных ТПУ | |
| 610 | 1 | |a туристические фирмы | |
| 610 | 1 | |a Швеция | |
| 610 | 1 | |a регионы | |
| 700 | 1 | |a Eber |b F. Z. |g Fanni Zoe | |
| 701 | 1 | |a Baggio |b R. |c Italian expert, philosopher |c Professor of Tomsk Polytechnic University, candidate of philosophical Sciences |f 1951- |g Rodolfo |3 (RuTPU)RU\TPU\pers\39762 | |
| 701 | 1 | |a Fuchs |b M. |g Matthias | |
| 712 | 0 | 2 | |a Национальный исследовательский Томский политехнический университет |b Школа базовой инженерной подготовки |b Отделение социально-гуманитарных наук |3 (RuTPU)RU\TPU\col\23512 |
| 801 | 2 | |a RU |b 63413507 |c 20190321 |g RCR | |
| 856 | 4 | |u https://doi.org/10.1007/s40558-018-0108-9 | |
| 942 | |c CF | ||